000 00482nam a2200169 i 4500
001 126714
003 ES-MaACL
005 20230906192851.0
007 t|
008 070214s1966 sp r ||||1| spa d
100 1 _aRevillier, Roberto.
_996444
245 1 0 _aAmérico Vespucio /
_cRoberto Revillier.
260 _aMadrid :
_bCultura Hispánica,
_c1966.
300 _a369 p., 22 lám. :
_b3 mapas ;
_c25 cm.
600 1 4 _aVespucci, Amerigo.
_9114224
852 _aES-MaACL
_jC-31044
999 _c126714
_d126714